Top 5 La Liga (2007-2015) - Estadísticas

Estadísticas generales
  • Esta prueba ha sido intentada 1.168 veces
  • La puntuación promedio es 38 de 40
Estadísticas de respuestas
Group Respuesta % Correcto
2014/2015 Atlético de Madrid
100%
2013/2014 Atlético de Madrid
100%
2012/2013 Atlético de Madrid
100%
2011/2012 Atlético de Madrid
100%
2008/2009 Atlético de Madrid
100%
2007/2008 Atlético de Madrid
100%
2014/2015 Barcelona
100%
2013/2014 Barcelona
100%
2012/2013 Barcelona
100%
2011/2012 Barcelona
100%
2010/2011 Barcelona
100%
2009/2010 Barcelona
100%
2008/2009 Barcelona
100%
2007/2008 Barcelona
100%
2014/2015 Real Madrid
100%
2013/2014 Real Madrid
100%
2012/2013 Real Madrid
100%
2011/2012 Real Madrid
100%
2010/2011 Real Madrid
100%
2009/2010 Real Madrid
100%
2008/2009 Real Madrid
100%
2007/2008 Real Madrid
100%
2014/2015 Sevilla
98%
2013/2014 Sevilla
98%
2010/2011 Sevilla
98%
2009/2010 Sevilla
98%
2008/2009 Sevilla
98%
2007/2008 Sevilla
98%
2014/2015 Valencia
97%
2012/2013 Valencia
97%
2011/2012 Valencia
97%
2010/2011 Valencia
97%
2009/2010 Valencia
97%
2010/2011 Villarreal
91%
2008/2009 Villarreal
91%
2007/2008 Villarreal
91%
2013/2014 Athletic Club Bilbao
90%
2012/2013 Real Sociedad
90%
2011/2012 Málaga
74%
2009/2010 Mallorca
55%
No se encontraron pruebas coincidentes
Distribución de puntuación
Porcentaje de gente con cada puntuación
Porcentaje por número respondido
Historial de tus puntuaciones
No has intentado esta prueba.